| 000 -ლიდერი |
| ფიქსირებული სიგრძის საკონტროლო ველი |
01715nam a22002777a 4500 |
| 003 - საკონტროლო ნომრის იდენტიფიკატორი |
| საკონტროლო ველი |
Ge_BSU |
| 005 - ბოლო ოპერაციის თარიღი და დრო |
| საკონტროლო ველი |
20190610205711.0 |
| 008 - ფიქსირებული სიგრძის მონაცემთა ელემენტები - ზოგადი ინფორმაცია |
| ფიქსირებული სიგრძის საკონტროლო ველი |
190610b2019 ||||| |||| 00| 0 geo d |
| 020 ## - წიგნის საერთაშორისო სტანდარტული ნომერი |
| International Standard Book Number |
9789941473982 |
| 041 ## - ენის კოდი |
| Language code of text/sound track or separate title |
geo |
| 080 ## - უნივერსალური ათობითი კლასიფიკაციის ინდექსი |
| Universal Decimal Classification number |
94(479.22) გ-60 |
| 100 ## - მთავარი ჩანაწერი - პიროვნების სახელი |
| Personal name |
გოგიტიძე,მამუკა. |
| 9 (RLIN) |
2378 |
| 245 ## - ცნობა სათაურის შესახებ |
| Title |
,,დამოუკიდებელი საქართველოს გენერალიტეტი" (1918-2018) / |
| Statement of responsibility, etc |
მამუკა გოგიტიძე ; მამია გოგოლაძე ; გიორგი ბეჟიტაშვილი ; სარედ.კოლ: მიხეილ, ბახტაძე ; თენგიზ შუბლაძე და სხვ.. |
| 264 ## - წარმოების, გამოცემის, დისტრიბუციის და სხვა ცნობები |
| გამოცემის, წარმოების, დისტრიბუციის... ადგილი |
თბილისი : |
| გამოცემის, წარმოების, დისტრიბუციის... სახელწოდება |
მწიგნობარი, |
| გამოცემის, წარმოების, დისტრიბუციის... თარიღი |
2019. |
| 300 ## - ფიზიკური აღწერა |
| Extent |
232 გვ.: |
| Dimensions |
24 სმ. |
| 504 ## - BIBLIOGRAPHY, ETC. NOTE |
| Bibliography, etc |
ბიბლიოფრაფ : გვ.228-229. |
| 520 ## - SUMMARY, ETC. |
| Summary, etc |
რეზიუმე : ქართულ და ინგლისურ ენაზე. |
| 653 ## - INDEX TERM--UNCONTROLLED |
| Uncontrolled term |
საქართველოს დამოუკიდებლობის აღგენა |
| 653 ## - INDEX TERM--UNCONTROLLED |
| Uncontrolled term |
ისტორია |
| 700 ## - ADDED ENTRY--PERSONAL NAME |
| Personal name |
გოგოლაძე, მამია |
| 9 (RLIN) |
2379 |
| 700 ## - ADDED ENTRY--PERSONAL NAME |
| Personal name |
ბეჟიტაშვილი, გიორგი |
| 9 (RLIN) |
2380 |
| 700 ## - ADDED ENTRY--PERSONAL NAME |
| Personal name |
ბახტაძე, მიხეილ |
| Relator term |
სარედაქციო კოლეგია |
| 9 (RLIN) |
2381 |
| 700 ## - ADDED ENTRY--PERSONAL NAME |
| Personal name |
შუბლაძე, თნგიზ |
| Relator term |
სარედაქციო კოლეგია |
| 9 (RLIN) |
2382 |
| 710 ## - ADDED ENTRY--CORPORATE NAME |
| Corporate name or jurisdiction name as entry element |
საქართველოს სამხედრო ისტორიის საზოგადოება |
| 9 (RLIN) |
2383 |
| 942 ## - ADDED ENTRY ELEMENTS (KOHA) |
| Source of classification or shelving scheme |
|
| Koha item type |
წიგნი |